[Event "Aracaju Pitanga Memorial"]
[Site "Aracaju"]
[Date "2017.08.12"]
[Round "3"]
[White "Dias, Alex Prado"]
[Black "Bastos, Arthur de Sousa"]
[Result "0-1"]
[WhiteElo "1800"]
[BlackElo "1680"]
[PlyCount "84"]
[EventDate "2017.08.11"]
[EventType "swiss"]
[EventRounds "5"]
[EventCountry "BRA"]
[SourceTitle "CBM 180 Extra"]
[Source "ChessBase"]
[SourceDate "2017.10.06"]
[SourceVersion "1"]
[SourceVersionDate "2017.10.06"]
[SourceQuality "1"]

1. e4 c5 2. Nf3 d6 3. c4 Nf6 4. Nc3 e6 5. Be2 Be7 6. h3 d5 7. e5 Ne4 8. 0-0 0-0 9. d3 Nxc3 10. bxc3 dxc4 11. dxc4 Nc6 12. Bd3 b6 13. Qc2 h6 14. Bh7+ Kh8 15. Bxh6 gxh6 16. Be4 Bb7 17. Rad1 Qc7 18. Qc1 Bg5 19. Nxg5 Qxe5 20. Nh7 Qxe4 21. Qxh6 Qxh7 22. Qf6+ Qg7 23. Qh4+ Kg8 24. Rd3 Ne5 25. Rg3 Ng6 26. Qg4 Rad8 27. Rd1 Rxd1+ 28. Qxd1 Qh6 29. Qd7 Qc1+ 30. Kh2 Be4 31. Qxa7 Kh7 32. Qxb6 Nf4 33. Qxc5 Ne2 34. Qh5+ Qh6 35. Qxe2 f5 36. f4 Qxf4 37. Qh5+ Qh6 38. Qe2 Rg8 39. Rxg8 Kxg8 40. a4 Qf4+ 41. g3 Qf3 42. Qd2 Qh1# 0-1